000 01167nam a2200301 a 4500
001 000011623
005 20250730110631.0
008 091021s1977 sp 001 0 spa d
020 _a8434407159
040 _aDO-SdBNP
_bspa
_cBNPHU
041 1 7 _aspa
_heng
_2Código de idioma MARC
082 _a571
_bG662i , 1977
100 1 _aGordon Childe, Vere,
_d1892-1957
_927508
240 1 2 _aA short introduction archaeology
_lEspañol
245 1 0 _aIntroducción a la arqueología, /
_cVere Gordon Childe ; traducción, María Eugenia Aubet ; prólogo, Juan Maluquer de Motes.
250 _a3a ed.
260 _aBarcelona :
_bAriel,
_c1977.
300 _a180, [10] p. :
_bil. ;
_c18 cm.
500 _aIncluye glosario de palabras técnicas
500 _aIncluye listado de Obras publicadas por la Editorial Ariel
534 _pTítulo original en inglés:
_tA short introduction archaeology
_cLondres : Frederik Muller, 1956.
650 0 _aArqueología
_93985
650 0 _aExcavaciones arqueológicas
_918174
650 4 _aPrehistoria
_927509
700 1 _aAubet, María Eugenia,
_etr.
_927510
700 1 _aMaluquer de Motes, Juan,
_epról.
_927511
049 _aBNGR
999 _c11316
_d11316